Flugziele vom Flughafen Straßburg (SXB) - Statistiken

Allgemein
  • Dieses Quiz wurde 70 mal gespielt
    30 seit der letzten Aktualisierung
  • Das Durchschnittsergebnis liegt bei 21 aus 39
Antwortstatistiken
Land Airline Flugziel % Korrekt
Niederlande AmeliaAir France Amsterdam / AMS
100%
Griechenland Aegean Airlines,TuiFly, Volotea Athen / ATH
100%
Spanien Volotea Barcelona / BCN
100%
Spanien Iberia Madrid / MAD
100%
Italien Volotea Rom / FCO
100%
Algerien Tassili Airlines,Transavia Algier / ALG
92%
Deutschland Volotea Berlin / BER
92%
Türkei Turkish Airlines Istanbul / IST
92%
Vereinigtes Königreich Volotea London / LGW
92%
Spanien TuiFly,Volotea Palma de Mallorca / PMI
92%
Portugal Ryanair Porto / OPO
92%
Tunesien Nouvelair,TuiFly,
TunisAir
Tunis / TUN
92%
Marokko Royal Air Maroc Casablanca / CMN
75%
Kroatien Volotea Split / SPU
75%
Frankreich Volotea Marseille / MRS
67%
Frankreich Volotea Bordeaux / BOD
58%
Marokko Air Arabia Fes / FES
58%
Frankreich Air France Lyon / LYS
58%
Frankreich Volotea Nizza / NCE
58%
Algerien Tassili Airlines Oran / ORN
58%
Frankreich Volotea Toulouse / TLS
58%
Tunesien Nouvelair,TuiFly Djerba / DJE
50%
Portugal TAP Portugal,TuiFly, Volotea Faro / FAO
50%
Spanien TuiFly,Volotea Malaga / AGP
50%
Italien TuiFly,Volotea Palermo / PMO
50%
Frankreich Volotea Nantes / NTE
42%
Frankreich Volotea Montpellier / MPL
33%
Marokko Ryanair Agadir / AGA
25%
Frankreich TuiFly Ajaccio / AJA
25%
Frankreich Volotea Bastia / BIA
17%
Algerien Tassili Airlines,Transavia Constantine / CZL
8%
Frankreich Volotea Figari / FSC
8%
Griechenland TuiFly,Volotea Korfu / CFU
8%
Italien TuiFly,Volotea Olbia / OLB
8%
Frankreich Volotea Biarritz / BIQ
0%
Frankreich Volotea Calvi / CLY
0%
Spanien Volotea Lanzarote / ACE
0%
Marokko Air Arabia Nador / NDR
0%
Marokko ASL Airlines Oujda / OUD
0%
Keine übereinstimmenden Quizze gefunden
Verteilung der Resultate
Anzahl Personen mit jedem Resultat
Perzentil nach korrekt beantworteten Fragen
Ihre Resultats-Entwicklung
Sie haben dieses Quiz seit der letzten Aktualisierung nicht gespielt